000 00569nam a22001697a 4500
003 SISC
005 20170606094707.0
008 170606b xxu||||| |||| 00| 0 eng d
020 _a9786214060566
050 _aKPM 1030
_b.C131 2016
100 _aCagurangan, Tranquilino R. Jr.
245 _aLaws in the hospitality industry :
_bthe Philippine tourism laws simplified /
_cTranquilino R. Cagurangan, Jr.
260 _aManila :
_bMindshapers Co., Inc.,
_c2016.
300 _axvi, 160 pages ;
_c22 cm.
500 _aIncludes bibliographical references.
942 _2lcc
_cBK
999 _c335200
_d335200